Zara (Record no. 162780)

MARC details
000 -LEADER
campo de control de longitud fija 00751nam a2200193 i 4500
001 - NÚMERO DE CONTROL
campo de control 162780
003 - IDENTIFICADOR DE NÚMERO DE CONTROL
campo de control ES-MaACL
005 - FECHA Y HORA DE LA ÚLTIMA TRANSACCIÓN
campo de control 20240501063052.0
008 - DATOS DE LONGITUD FIJA--INFORMACIÓN GENERAL
campo de control de longitud fija 011204s1896 it |||| | ita d
040 ## - FUENTE DE CATALOGACIÓN
Centro catalogador/agencia de origen CAM
Lengua de catalogación spa
Centro/agencia transcriptor CAM
100 0# - ENTRADA PRINCIPAL--NOMBRE DE PERSONA
Nombre de persona Quental, Antero de
Fechas asociadas al nombre 1842-1891
9 (RLIN) 94520
245 10 - MENCIÓN DEL TÍTULO
Título Zara
Resto del título : versi sopra un sepolcro /
Mención de responsabilidad, etc. scritti da Anthero de Quental ; tradotti da Parecchi; noterelle di E. Teza.
250 ## - MENCION DE EDICION
Mención de edición 2ª ed.
260 ## - PUBLICACIÓN, DISTRIBUCIÓN, ETC.
Lugar de publicación, distribución, etc. Genova :
Nombre del editor, distribuidor, etc. [s.n.],
Fecha de publicación, distribución, etc. 1896 (
Fabricante tipografia R. Instituto Sordo-Muti)
300 ## - DESCRIPCIÓN FÍSICA
Extensión 20 p. ;
Dimensiones 19 cm.
700 1# - ENTRADA AGREGADA--NOMBRE PERSONAL
Nombre de persona Teza, E.
9 (RLIN) 133204
852 ## - LOCALIZACIÓN
Ubicación ES-MaACL
Número de control de estantería T-768-F-3
Nota libre -- Enc. hol., consercando la enc. original
-- -- Ded. de Joaquim de Arujo, Genova 96, al Ateneo de Madrid
Holdings
Estatus retirado Estado de pérdida Estado de daño No para préstamo Colección Biblioteca de origen Biblioteca actual Ubicación en estantería Fecha de adquisición Total de préstamos Signatura topográfica completa Código de barras Visto por última vez Precio de reemplazo Tipo de ítem Koha
        Colección de folletos Biblioteca del Ateneo de Madrid Biblioteca del Ateneo de Madrid Depósito folletos 17/01/2008   T-768-F-3 1170550 23/02/2023 23/02/2023 Folleto